000 00378nam a2200145Ia 4500
008 240624s9999 xx 000 0 und d
041 _aeng
082 _a658.4012 HEN
100 _aHENRY ANTHONY E
245 _aUNDERSTANDING STRATEGIC MANAGEMENT
250 _a(2nd ed.)
260 _c2011
_aNew Delhi
_bOxford India
300 _axxv, : 442 : p. : cm. ; 24
365 _cRS
_b31
999 _c23175
_d23175